Les joueurs du PSG en Ligue des Champions 2012/13. - Statistiques

Statistiques générales
  • Ce quiz a été pris 38 fois
  • Le résultat moyen est 17 sur 25
Statistiques - réponses
Pays Ages Joueurs Minutes G+A Notes % Correct
Suède 30 Zlatan Ibrahimovic 793 10 7.24
97%
Brésil 27 Thiago Silva 801 2 7.57
94%
Italie 19 Marco Verratti 599 0 7.24
91%
Italie 25 Salvatore Sirigu 900 0 6.95
91%
Argentine 27 Ezequiel Lavezzi 572 5 6.98
88%
Angleterre 37 David Beckham 77 0 7.00
84%
Pays-Bas 24 Gregory Van Der Wiel 307 0 6.85
84%
Brésil 30 Maxwell 900 1 7.03
84%
Italie 29 Thiago Motta 148 0 6.80
84%
France 25 Blaise Matuidi 810 3 7.36
81%
Argentine 23 Javier Pastore 650 5 7.06
81%
Brésil 30 Alex 765 2 7.58
75%
Brésil 19 Lucas 316 1 7.05
75%
France 28 Christophe Jallet 599 0 6.98
66%
Brésil 30 Nenê 194 1 7.13
63%
France 24 Clément Chantôme 421 1 7.13
56%
France 25 Jérémy Ménez 429 5 7.34
56%
France 25 Kévin Gameiro 58 1 6.67
50%
France 17 Adrien Rabiot 90 0 7.70
47%
France 22 Mamadou Sakho 187 0 7.15
47%
France 28 Guillaume Hoarau 29 1 6.80
44%
Mali 27 Mohamed Sissoko 143 0 6.87
41%
France 33 Zoumana Camara 55 0 6.45
41%
France 29 Mathieu Bodmer 60 0 7.10
34%
France 31 Sylvain Armand 14 0 6.90
34%
Aucun quiz correspondant
Distribution des résultats
% des personnes avec chaque résultat
Percentile par nombre de réponses
Votre historique - résultats
Vous n’avez pas pris ce quiz